Songs from the First Line(s) - 2007 - Statistics

General Stats
  • This quiz has been taken 104 times
  • The average score is 10 of 30
Answer Stats
Hint Answer % Correct
Songs Hey! Hey! You! You! / I don't like your girlfriend! / No way! No way! / I think you need a new one Song Girlfriend
84%
Songs Hey! Hey! You! You! / I don't like your girlfriend! / No way! No way! / I think you need a new one Artist(s) Avril Lavigne
78%
Songs Shawty had them Apple Bottom jeans (Jeans), boots with the fur (With the fur) / The whole club was lookin' at her Song Low
76%
Songs It's getting late, I'm making my way over to my favorite place / I gotta get my body moving, shake the stress away Artist(s) Rihanna
68%
Songs No clouds in my stones / Let it rain, I hydroplane in the bank / Coming down with the Dow Jones Artist(s) Rihanna
68%
Songs Shawty had them Apple Bottom jeans (Jeans), boots with the fur (With the fur) / The whole club was lookin' at her Artist(s) Flo Rida / T-Pain
58%
Songs N-Now th-that that don't kill me / Can only make us stronger / I need you to hurry up now / 'Cause I can't wait much longer Song Stronger
57%
Songs No clouds in my stones / Let it rain, I hydroplane in the bank / Coming down with the Dow Jones Song Umbrella
53%
Songs N-Now th-that that don't kill me / Can only make us stronger / I need you to hurry up now / 'Cause I can't wait much longer Artist(s) Kanye West
51%
Songs It's getting late, I'm making my way over to my favorite place / I gotta get my body moving, shake the stress away Song Don't Stop The Music
44%
Songs I'm holding on your rope, got me ten feet off the ground / And I'm hearing what you say, but I just can't make a sound Song Apologize
38%
Songs I'm holding on your rope, got me ten feet off the ground / And I'm hearing what you say, but I just can't make a sound Artist(s) OneRepublic / Timbaland
35%
Songs Do I attract you? / Do I repulse you with my queasy smile? / Am I too dirty? / Am I too flirty? / Do I like what you like? Song Grace Kelly
28%
Songs I've been awake for a while now / You've got me feeling like a child now / 'Cause every time I see your bubbly face Song Bubbly
27%
Songs Closed off from love / I didn't need the pain / Once or twice was enough /And it was all in vain / Time starts to pass Song Bleeding Love
23%
Songs Do I attract you? / Do I repulse you with my queasy smile? / Am I too dirty? / Am I too flirty? / Do I like what you like? Artist(s) Mika
23%
Songs Closed off from love / I didn't need the pain / Once or twice was enough /And it was all in vain / Time starts to pass Artist(s) Leona Lewis
22%
Songs In this farewell / There's no blood / There's no alibi / 'Cause I've drawn regret / From the truth / Of a thousand lies Artist(s) Linkin Park
22%
Songs I just want you close / Where you can stay forever / You can be sure / That it will only get better Artist(s) Alicia Keys
20%
Songs I just want you close / Where you can stay forever / You can be sure / That it will only get better Song No One
19%
Songs In this farewell / There's no blood / There's no alibi / 'Cause I've drawn regret / From the truth / Of a thousand lies Song What I've Done
19%
Songs I've been awake for a while now / You've got me feeling like a child now / 'Cause every time I see your bubbly face Artist(s) Colbie Caillat
16%
Songs You light the skies up above me / A star so bright you blind me / Don't close your eyes / Don't fade away Artist(s) Take That
14%
Songs Head under water / And they tell me to breathe easy for a while / The breathing gets harder, even I know that Song Love Song
13%
Songs You light the skies up above me / A star so bright you blind me / Don't close your eyes / Don't fade away Song Rule The World
13%
Songs Simona / You're getting older / Your journey's been / Etched on your skin / Simona / Wish I had known that Artist(s) James Blunt
11%
Songs Simona / You're getting older / Your journey's been / Etched on your skin / Simona / Wish I had known that Song 1973
8%
Songs Head under water / And they tell me to breathe easy for a while / The breathing gets harder, even I know that Artist(s) Sara Bareilles
8%
Songs I'm staring out into the night / Trying to hide the pain / I'm going to the place where love Artist(s) Daughtry
5%
Songs I'm staring out into the night / Trying to hide the pain / I'm going to the place where love Song Home
4%
No matching quizzes found
Score Distribution
Percent of People with Each Score
Percentile by Number Answered
Your Score History
You have not taken this quiz